000 00456nam a2200181Ia 4500
001 1389
005 20260306143725.0
008 260306t2018||||xx |||||||||||||| ||spa||
041 _aESP
082 _a199.85
_bM26
100 _aMarín Benítez, Ciro
_eAUT
245 0 _aFilosofía tawantinsuyana:
_buna perspectiva epistémica
260 _c2018
300 _aix, 297 páginas :
_c21 cm.
650 _aGEN
654 _aCHU
942 _cLIB
_dJUS
_fJUS
_2ddc
_n
999 _c1389
_d1389